000 00443cam a2200193 4500
001 D12346
008 090401t1961 xxu||||| |||| 00| 0 eng d
035 _a(Sirsi) u2768
041 _aeng
050 _a336.276
100 _aCarter, Ray
245 _aCarter`s valuation of land and estate duty
250 _a2nd
260 _aLondon
_bEstates Gazette
_c1961
350 _a0
520 _aShelf 114
942 _n0
948 _c04/03/1997
999 _c85805
_d85805